000 00352nam a2200133Ia 4500
008 231129s2006||||xx |||||||||||||| ||spa||
020 _a978-958-8177-52-6
040 _bspa
082 _aR 918.6116 S231
245 0 _aSanta Marta y la Sierra Nevada
260 _c2006
264 _aEdiciones Gamma
942 _2ddc
_cBKS
999 _c24323
_d24323